000 00311 a2200121 4500
001 150220
040 _cEscola São Tomás de Aquino
100 _aREIS, Teuler
240 1 0 _aBullying... tô fora
_lpor
245 1 0 _aBullying... tô fora
697 _aProblemas de disciplina. Violência estudantil
942 _cBK
999 _c150220
_d150220